| 000 | 00482cam a2200157 a 4500 | ||
|---|---|---|---|
| 020 | _a9781466553200 (hardback : alk. paper) | ||
| 040 | _cDNAL | ||
| 082 | 0 | 0 | _a664 CHA 1995 A118 Or. |
| 100 | 1 | _aChakraverty, Amalendu. | |
| 245 | 1 | 0 | _aPost harvest technology and food process engineering / |
| 260 |
_aBoca Raton, FL : _bCRC Press/ Taylor & Francis Group, _c2014. |
||
| 300 |
_axxix, 551 p. : _bill. ; _c25 cm. |
||
| 650 | 0 | _aFood crops | |
| 700 | 1 | _aSingh, R. Paul. | |
| 942 | _cAEDBB | ||
| 999 |
_c20801 _d20801 |
||